| 000 | 00496nam a22001697a 4500 | ||
|---|---|---|---|
| 999 |
_c525963 _d525963 |
||
| 003 | NUST | ||
| 020 | _qP/B | ||
| 038 | _awaseem | ||
| 082 |
_a891.439092 _bBAD |
||
| 100 |
_aBadar, Muhammad Zaheer _916908 |
||
| 245 |
_aAhmed Bashir : _bShakhsiyat aur Fan / _cMuhammad Zaheer Badar |
||
| 260 |
_aIslamabad : _bAcademy Adbiyat, _c2016. |
||
| 300 | _a180 p. ; | ||
| 880 |
_6100-01\r _aمحمد ظہیر بدر |
||
| 880 |
_6245-02\r _aاحمد بشیر : شخصیت اور فن / |
||
| 942 |
_2ddc _cBK |
||